<?xml version="1.0" encoding="UTF-8"?>
<record
    xmlns:xsi="http://www.w3.org/2001/XMLSchema-instance"
    xsi:schemaLocation="http://www.loc.gov/MARC21/slim http://www.loc.gov/standards/marcxml/schema/MARC21slim.xsd"
    xmlns="http://www.loc.gov/MARC21/slim">

  <leader>01270nam0a2200337   4500</leader>
  <controlfield tag="001">RU\NLR\bibl\405770</controlfield>
  <controlfield tag="005">20250622165657.0</controlfield>
  <datafield tag="021" ind1=" " ind2=" ">
    <subfield code="a">RU</subfield>
    <subfield code="b">2003-18843</subfield>
    <subfield code="9">862</subfield>
  </datafield>
  <datafield tag="035" ind1=" " ind2=" ">
    <subfield code="a">(NLR Aleph) 000399893</subfield>
  </datafield>
  <datafield tag="090" ind1=" " ind2=" ">
    <subfield code="a">568470</subfield>
    <subfield code="c">568470</subfield>
  </datafield>
  <datafield tag="100" ind1=" " ind2=" ">
    <subfield code="a">20030530d2003    |||y0rusy50      ca</subfield>
  </datafield>
  <datafield tag="101" ind1="0" ind2=" ">
    <subfield code="a">rus</subfield>
  </datafield>
  <datafield tag="102" ind1=" " ind2=" ">
    <subfield code="a">RU</subfield>
  </datafield>
  <datafield tag="105" ind1=" " ind2=" ">
    <subfield code="a">a   |||||||||</subfield>
  </datafield>
  <datafield tag="200" ind1="1" ind2=" ">
    <subfield code="a">&#x41A;&#x43E;-&#x442;&#x440;&#x438;&#x43C;&#x43E;&#x43A;&#x441;&#x430;&#x437;&#x43E;&#x43B; (&#x431;&#x438;&#x441;&#x435;&#x43F;&#x442;&#x43E;&#x43B;)</subfield>
    <subfield code="e">&#x410;&#x43D;&#x442;&#x438;&#x43C;&#x438;&#x43A;&#x440;&#x43E;&#x431;. &#x43A;&#x43E;&#x43C;&#x431;&#x438;&#x43D;&#x438;&#x440;. &#x43F;&#x440;&#x435;&#x43F;&#x430;&#x440;&#x430;&#x442;</subfield>
    <subfield code="e">&#x417;&#x43D;&#x430;&#x447;&#x435;&#x43D;&#x438;&#x435; &#x432; &#x441;&#x43E;&#x432;&#x440;&#x435;&#x43C;. &#x43A;&#x43B;&#x438;&#x43D;&#x438;&#x447;. &#x43F;&#x440;&#x430;&#x43A;&#x442;&#x438;&#x43A;&#x435; &#x438; &#x440;&#x435;&#x43A;&#x43E;&#x43C;&#x435;&#x43D;&#x434;&#x430;&#x446;&#x438;&#x438; &#x43F;&#x43E; &#x43F;&#x440;&#x438;&#x43C;&#x435;&#x43D;&#x435;&#x43D;&#x438;&#x44E;</subfield>
    <subfield code="f">&#x415;. &#x41D;. &#x41F;&#x430;&#x434;&#x435;&#x439;&#x441;&#x43A;&#x430;&#x44F;</subfield>
  </datafield>
  <datafield tag="210" ind1=" " ind2=" ">
    <subfield code="a">&#x41C;.</subfield>
    <subfield code="c">&#x41C;&#x435;&#x434;&#x43F;&#x440;&#x430;&#x43A;&#x442;&#x438;&#x43A;&#x430;-&#x41C;</subfield>
    <subfield code="d">2003</subfield>
  </datafield>
  <datafield tag="215" ind1=" " ind2=" ">
    <subfield code="a">32 &#x441;.</subfield>
    <subfield code="c">&#x438;&#x43B;.</subfield>
    <subfield code="d">20</subfield>
  </datafield>
  <datafield tag="320" ind1=" " ind2=" ">
    <subfield code="a">&#x411;&#x438;&#x431;&#x43B;&#x438;&#x43E;&#x433;&#x440;.: &#x441;. 31-32</subfield>
  </datafield>
  <datafield tag="606" ind1="0" ind2=" ">
    <subfield code="a">&#x422;&#x440;&#x438;&#x43C;&#x435;&#x442;&#x43E;&#x43F;&#x440;&#x438;&#x43C;-&#x441;&#x443;&#x43B;&#x44C;&#x444;&#x430;&#x43C;&#x435;&#x442;&#x43E;&#x43A;&#x441;&#x430;&#x437;&#x43E;&#x43B;</subfield>
    <subfield code="9">2172528</subfield>
    <subfield code="3">RU\NLR\auth\661306780</subfield>
  </datafield>
  <datafield tag="610" ind1="0" ind2=" ">
    <subfield code="a">&#x41F;&#x440;&#x43E;&#x442;&#x438;&#x432;&#x43E;&#x432;&#x438;&#x440;&#x443;&#x441;&#x43D;&#x44B;&#x435; &#x43F;&#x440;&#x435;&#x43F;&#x430;&#x440;&#x430;&#x442;&#x44B;</subfield>
  </datafield>
  <datafield tag="675" ind1=" " ind2=" ">
    <subfield code="a">615.28</subfield>
    <subfield code="v">3</subfield>
    <subfield code="z">rus</subfield>
  </datafield>
  <datafield tag="686" ind1=" " ind2=" ">
    <subfield code="a">76.31</subfield>
    <subfield code="2">rugasnti</subfield>
  </datafield>
  <datafield tag="686" ind1=" " ind2=" ">
    <subfield code="a">52.81</subfield>
    <subfield code="2">rubbk</subfield>
  </datafield>
  <datafield tag="686" ind1=" " ind2=" ">
    <subfield code="a">&#x420;281.811.2</subfield>
  </datafield>
  <datafield tag="700" ind1=" " ind2="1">
    <subfield code="a">&#x41F;&#x430;&#x434;&#x435;&#x439;&#x441;&#x43A;&#x430;&#x44F;</subfield>
    <subfield code="b">&#x415;. &#x41D;.</subfield>
    <subfield code="g">&#x415;&#x43B;&#x435;&#x43D;&#x430; &#x41D;&#x438;&#x43A;&#x43E;&#x43B;&#x430;&#x435;&#x432;&#x43D;&#x430;</subfield>
    <subfield code="4">070</subfield>
  </datafield>
  <datafield tag="801" ind1=" " ind2="0">
    <subfield code="a">RU</subfield>
    <subfield code="b">RKP</subfield>
    <subfield code="c">20030530</subfield>
    <subfield code="g">PSBO</subfield>
  </datafield>
  <datafield tag="801" ind1=" " ind2="1">
    <subfield code="a">RU</subfield>
    <subfield code="b">RKP</subfield>
    <subfield code="c">20030530</subfield>
  </datafield>
  <datafield tag="801" ind1=" " ind2="2">
    <subfield code="a">RU</subfield>
    <subfield code="b">NLR</subfield>
    <subfield code="c">20030710</subfield>
    <subfield code="g">rcr</subfield>
  </datafield>
  <datafield tag="942" ind1=" " ind2=" ">
    <subfield code="c">BOOK</subfield>
  </datafield>
  <datafield tag="980" ind1=" " ind2=" ">
    <subfield code="a">NB</subfield>
  </datafield>
  <datafield tag="995" ind1=" " ind2=" ">
    <subfield code="5">2003-06-05</subfield>
    <subfield code="a">ad</subfield>
    <subfield code="b">NLR01</subfield>
    <subfield code="c">NLR01</subfield>
    <subfield code="e">RF3</subfield>
    <subfield code="f">494078</subfield>
    <subfield code="k">2003-4/11076</subfield>
    <subfield code="o">0</subfield>
    <subfield code="r">BOOK</subfield>
    <subfield code="s">2003411076_</subfield>
  </datafield>
  <datafield tag="995" ind1=" " ind2=" ">
    <subfield code="5">2003-06-05</subfield>
    <subfield code="a">ad</subfield>
    <subfield code="b">NLR01</subfield>
    <subfield code="c">NLR01</subfield>
    <subfield code="e">RF3</subfield>
    <subfield code="f">494079</subfield>
    <subfield code="k">2003-4/11076</subfield>
    <subfield code="o">0</subfield>
    <subfield code="r">BOOK</subfield>
    <subfield code="s">2003411076_</subfield>
  </datafield>
</record>
